LEADER 00844nam0 2200253 450 001 000006639 005 20060316104834.0 010 $a88-14-09348-2 100 $a20060316d--------km-y0itay50------ba 101 0 $aita 102 $aIT 105 $ay-------001yy 200 1 $aMorte del disponente e autonomia negoziale$fVincenzo Putortì 210 $aMilano$cGiuffrè$d2001 215 $a266 p.$d24 cm 225 2 $aPubblicazioni della Facoltà di giurisprudenza$fUniversità di Firenze$v0083 410 0$12001$aPubblicazioni della Facoltà di giurisprudenza, Università di Firenze 676 $a346.45052$v20 700 1$aPutortì,$bVincenzo$0497075 801 0$aIT$bUNIPARTHENOPE$c20060316$gRICA$2UNIMARC 912 $a000006639 951 $aD0101$b82$cNAVA3 996 $aMorte del disponente e autonomia negoziale$9754873 997 $aUNIPARTHENOPE LEADER 01089nas 2200337-a 450 001 996336487503316 005 20240413030126.0 035 $a(CKB)991042736833438 035 $a(CONSER)cn-85030557- 035 $a(EXLCZ)99991042736833438 100 $a19850722a19749999 k-- a 101 0 $aeng 181 $ctxt$2rdacontent 182 $cc$2rdamedia 183 $acr$2rdacarrier 200 00$aEagle Valley news 210 $aSicamous, B.C. $cNeeland Enterprise$d[1974]- 215 $a1 online resource 311 08$aPrint version: Eagle Valley news. 0828-833X (DLC)cn 85030557 (OCoLC)1080980131 531 0 $aEagle Val. news 606 $aCanadian newspapers (English)$zBritish Columbia$zSicamous 606 $aJournaux canadiens-anglais$3(CaQQLa)201-0011518$zColombie-Britannique$zSicamous 615 5$aCanadian newspapers (English) 615 6$aJournaux canadiens-anglais 676 $a071/.1141 686 $acci1icc$2lacc 906 $aNEWSPAPER 912 $a996336487503316 920 $aexl_impl conversion 996 $aEagle Valley news$91952448 997 $aUNISA